Alle 11 Staatspräsidenten von China (1949 - 2024) - Statistiken

Allgemein
  • Dieses Quiz wurde 29 mal gespielt
  • Das Durchschnittsergebnis liegt bei 3 aus 12
Antwortstatistiken
Amtszeit, - dauer Name % Korrekt
seit 2013 Xi Jinping
83%
1949 - 1959 (10 Jahre) Mao Zedong / Mao Tse-tung
78%
1975 - 1976 (1 Jahr) Zhu De
39%
2003 - 2013 (10 Jahre) Hu Jintao
26%
1993 - 2003 (10 Jahre) Jiang Zemin
13%
1983 - 1988 (5 Jahre) Li Xiannian
13%
1988 - 1993 (5 Jahre) Yang Shangkun
4%
1968 -1975 (7 Jahre) Dong Biwu
0%
1959 - 1968 (9 Jahre) Liu Shaoqi
0%
1968 - 1972 (4 Jahre) Song Qinling
0%
1976 - 1978 (2 Jahre) Song Qinling
0%
1978 - 1983 (5 Jahre) Ye Jianying
0%
Keine übereinstimmenden Quizze gefunden
Verteilung der Resultate
Anzahl Personen mit jedem Resultat
Perzentil nach korrekt beantworteten Fragen
Ihre Resultats-Entwicklung
Sie haben dieses Quiz noch nicht gespielt